000 01149nam a22002537a 4500
005 20170124103059.0
010 _aB-071567
020 _c250.00
_a8179020010
035 _aB-071567
037 _bCen Lib/Ret
040 _aDPL
_bHN
082 _a921
_bचौहान
100 _aचौहान, लाल बहादुर
_944630
245 _aयुग पुरुष :
_cलाल बहादुर चौहान
_bपं.जवाहर लाल नेहरु /
246 _aYug purush : Pandit Jawahar Lal Nehru /
_bby Lal Bahadur Chauhan
260 _aदिल्ली
_bसावित्री प्रकाशन
_c2002
270 _bदिल्ली
_a1376, कश्मीरी गेट
_e110006
300 _a230पृ.
_c21सेमी(सजिल्द)
650 _aहिन्दी साहित्य
_976378
650 _aहिन्दी -- जीवनी -- पं.जवाहर लाल नेहरु
_976379
650 _aHindi literature
_976380
650 _aHindi -- Biography - Pandit Jawahar Lal Nehru
_976381
942 _2ddc
_cHN
_h921
_mचौहान
999 _c117701
_d117701